Famous Johns Quiz Stats

 Plays Quiz Updated Oct 8, 2018

Score 0/40 Timer 08:00
0 Plays Today
Hint Answer % Correct
Senator from Arizona, lost the 2008 election to Barack ObamaJohn McCain
91.9%
Member of the Beatles who was married to Yoko OnoJohn Lennon
91.3%
35th President on the USA, assassinated in 1963 by Lee Harvey OswaldJohn F. Kennedy
90.2%
Second President of the United States of AmericaJohn Adams
88.1%
Assassinated Abraham Lincoln in Fords TheatreJohn Wilkes Booth
84.7%
Actor who played Danny Zuko in Grease the movieJohn Travolta
84%
Famous tractor companyJohn Deere
83.2%
Reigned as Pope until his death in 2005Pope John Paul II
81.8%
Large flamboyant signature is located on the Declaration of IndependenceJohn Hancock
79.2%
Generic name for any maleJohn Doe
78.5%
Senator from Massachussetts, lost the 2004 election to George W. BushJohn Kerry
75.1%
SNL Actor who played 'Bluto' Blutarsky in Animal HouseJohn Belushi
72.3%
Known for his roles in westerns, he earned an Oscar for best actor in True Grit in 1969John Wayne
70.8%
Author of Grapes of Wrath and Of Mice and MenJohn Steinbeck
66.5%
Actor famous for movies like Spaceballs, Uncle Buck and Cool RunningsJohn Candy
65.5%
Musician known for his song 'Body is a Wonderland'John Mayer
65.3%
Former World No. 1 professional tennis player known for his temperJohn McEnroe
64.4%
NFL Football announcer who popularized the TurduckenJohn Madden
63%
Led the Denver Broncos to 2 Superbowl championshipsJohn Elway
61.3%
Singer-songwriter who sang Take Me Home, Country RoadsJohn Denver
60.5%
Hint Answer % Correct
Former astronaut who became the third person and first American to orbit the EarthJohn Glenn
58.4%
Played Dan Conner on RoseanneJohn Goodman
57.4%
Legal thriller author who has penned the novels: The Firm and Runaway JuryJohn Grisham
55.7%
Actor who starred in Say Anything & High FidelityJohn Cusack
54%
Composer of the scores of Jaws and Star WarsJohn Williams
47%
PGA Tour golfer who is known for his drinking and gambling as well as his 2 Major WinsJohn Daly
46.6%
English philosopher and Terry O'Quinn's character on LOST John Locke
44.7%
One of the creators of Monty Python's Flying CircusJohn Cleese
40.9%
American engineer who developed the car that was later featured in the movie 'Back to the Future'John DeLorean
40.4%
Famous Actor known for roles in Con Air, Rounders and Burn After ReadingJohn Malkovich
38.5%
English Poet know for his epic poem Paradise LostJohn Milton
35.5%
American composer and conductor known for his military and patrotic marchesJohn Philip Sousa
34.8%
Plays Jim on the US version of The OfficeJohn Krasinski
32.3%
Grammy Award winner who sings Ordinary People and Used to Love UJohn Legend
31.6%
U.S. Attorney General from 2001 until 2004John Ashcroft
22.2%
African-American jazz saxophonist and composerJohn Coltrane
20.8%
American novelist and poet known for his Rabbit series of booksJohn Updike
18.1%
Influential French theologian and pastor during the Protestant ReformationJohn Calvin
17.8%
Explorer commonly credited as the first European to discover NewfoundlandJohn Cabot
12.8%
25th Prime Minister of AustraliaJohn Winston Howard
6.6%

You're not logged in!

Compare scores with friends on all Sporcle quizzes.
OR
Log In

Sporcle TV

Today on Sporcle TV


Watch our educational content, quiz creation guides, and fun videos on Sporcle TV.

Show Comments

Extras

Top Quizzes Today


Score Distribution

Your Account Isn't Verified!

In order to create a playlist on Sporcle, you need to verify the email address you used during registration. Go to your Sporcle Settings to finish the process.

Report this User

Report this user for behavior that violates our Community Guidelines.

Details: